000 00712nam a2200229Ia 4500
003 Ost
005 20260507075155.0
008 260507s9999||||xx |||||||||||||| ||und||
040 _cfsecg
041 _aara
082 _a330
100 _aعقلي، عمر وصفي
_eمؤلف
245 0 _aمبادئ التسويق :
_bمدخل متكامل كالسلعة،الترويج ، التوزيع ، السعر /
_c عمر وصفي عقلي
260 _aعمان:
_bدار زهران,
_c2009
300 _a380 صفحة؛
653 _aترويج
653 _aتوزيع
653 _aسعر
653 _aسلع
700 _aالعبدلي، قحطان بدر
_eمؤلف ثانوي
942 _cكتاب
999 _c43368
_d43368